000 00775nam a22001817a 4500
003 UA-OsUOA
001 17843
007 ta
008 20040328b un ||||| |||| 00| 0 ukr d
100 _aЛастовчук В.
942 _cSA
040 _aUA-OsUOA
_cUA-OsUOA
_dUA-OsUOA
245 _aУ комунального підприємства "Підлужненське" обнадійливі перспективи: [Розповідь дир. с.-г. комун. п-ва "Підлужненське" В. Ластовчука про послуги населенню]
300 _aС.2
955 _a0
773 0 _w0
_tВічеве слово
_dКостопіль
_d2004
_g№11/13 берез./
650 7 _aКомунальне господарство
_2UDC
999 _c304011
_d304011